<?xml version="1.0" encoding="UTF-8"?>
<record
    xmlns:xsi="http://www.w3.org/2001/XMLSchema-instance"
    xsi:schemaLocation="http://www.loc.gov/MARC21/slim http://www.loc.gov/standards/marcxml/schema/MARC21slim.xsd"
    xmlns="http://www.loc.gov/MARC21/slim">

  <leader>01166nam a22002057a 4500</leader>
  <datafield tag="952" ind1=" " ind2=" ">
    <subfield code="0">0</subfield>
    <subfield code="1">0</subfield>
    <subfield code="3">vol. 1</subfield>
    <subfield code="4">0</subfield>
    <subfield code="7">0</subfield>
    <subfield code="a">23</subfield>
    <subfield code="b">23</subfield>
    <subfield code="d">2019-11-08</subfield>
    <subfield code="l">1</subfield>
    <subfield code="o">RC454 T73 v.1</subfield>
    <subfield code="p">23 003467</subfield>
    <subfield code="r">2019-12-18</subfield>
    <subfield code="s">2019-12-13</subfield>
    <subfield code="t">1</subfield>
    <subfield code="w">2019-11-08</subfield>
    <subfield code="y">LB</subfield>
  </datafield>
  <datafield tag="952" ind1=" " ind2=" ">
    <subfield code="0">0</subfield>
    <subfield code="1">0</subfield>
    <subfield code="3">vol. 1</subfield>
    <subfield code="4">0</subfield>
    <subfield code="7">0</subfield>
    <subfield code="a">23</subfield>
    <subfield code="b">23</subfield>
    <subfield code="d">2019-11-08</subfield>
    <subfield code="l">1</subfield>
    <subfield code="o">RC454 T73 v.1</subfield>
    <subfield code="p">23 003468</subfield>
    <subfield code="r">2022-03-28</subfield>
    <subfield code="s">2022-03-25</subfield>
    <subfield code="t">2</subfield>
    <subfield code="w">2019-11-08</subfield>
    <subfield code="y">LB</subfield>
  </datafield>
  <datafield tag="952" ind1=" " ind2=" ">
    <subfield code="0">0</subfield>
    <subfield code="1">0</subfield>
    <subfield code="3">vol. 1</subfield>
    <subfield code="4">0</subfield>
    <subfield code="7">0</subfield>
    <subfield code="a">23</subfield>
    <subfield code="b">23</subfield>
    <subfield code="d">2019-11-08</subfield>
    <subfield code="l">0</subfield>
    <subfield code="o">RC454 T73 v.1</subfield>
    <subfield code="p">23 003469</subfield>
    <subfield code="r">2019-11-08</subfield>
    <subfield code="t">3</subfield>
    <subfield code="w">2019-11-08</subfield>
    <subfield code="y">LB</subfield>
  </datafield>
  <datafield tag="952" ind1=" " ind2=" ">
    <subfield code="0">0</subfield>
    <subfield code="1">0</subfield>
    <subfield code="3">vol. 1</subfield>
    <subfield code="4">0</subfield>
    <subfield code="7">0</subfield>
    <subfield code="a">23</subfield>
    <subfield code="b">23</subfield>
    <subfield code="d">2019-11-08</subfield>
    <subfield code="l">2</subfield>
    <subfield code="o">RC454 T73 v.1</subfield>
    <subfield code="p">23 003470</subfield>
    <subfield code="r">2023-02-02</subfield>
    <subfield code="s">2023-01-31</subfield>
    <subfield code="t">4</subfield>
    <subfield code="w">2019-11-08</subfield>
    <subfield code="y">LB</subfield>
  </datafield>
  <datafield tag="952" ind1=" " ind2=" ">
    <subfield code="0">0</subfield>
    <subfield code="1">0</subfield>
    <subfield code="3">vol. 1</subfield>
    <subfield code="4">0</subfield>
    <subfield code="7">0</subfield>
    <subfield code="a">23</subfield>
    <subfield code="b">23</subfield>
    <subfield code="d">2019-11-08</subfield>
    <subfield code="l">0</subfield>
    <subfield code="o">RC454 T73 v.1</subfield>
    <subfield code="p">23 003471</subfield>
    <subfield code="r">2019-11-08</subfield>
    <subfield code="t">5</subfield>
    <subfield code="w">2019-11-08</subfield>
    <subfield code="y">LB</subfield>
  </datafield>
  <datafield tag="952" ind1=" " ind2=" ">
    <subfield code="0">0</subfield>
    <subfield code="1">0</subfield>
    <subfield code="3">vol. 1</subfield>
    <subfield code="4">0</subfield>
    <subfield code="7">0</subfield>
    <subfield code="a">23</subfield>
    <subfield code="b">23</subfield>
    <subfield code="d">2019-11-08</subfield>
    <subfield code="l">1</subfield>
    <subfield code="m">1</subfield>
    <subfield code="o">RC454 T73 v.1</subfield>
    <subfield code="p">23 003472</subfield>
    <subfield code="r">2023-03-14</subfield>
    <subfield code="s">2023-03-01</subfield>
    <subfield code="t">6</subfield>
    <subfield code="w">2019-11-08</subfield>
    <subfield code="y">LB</subfield>
  </datafield>
  <datafield tag="952" ind1=" " ind2=" ">
    <subfield code="0">0</subfield>
    <subfield code="1">0</subfield>
    <subfield code="3">vol. 1</subfield>
    <subfield code="4">0</subfield>
    <subfield code="7">0</subfield>
    <subfield code="a">23</subfield>
    <subfield code="b">23</subfield>
    <subfield code="d">2019-11-08</subfield>
    <subfield code="l">0</subfield>
    <subfield code="o">RC454 T73 v.1</subfield>
    <subfield code="p">23 003473</subfield>
    <subfield code="r">2026-01-05</subfield>
    <subfield code="t">7</subfield>
    <subfield code="w">2019-11-08</subfield>
    <subfield code="y">LB</subfield>
  </datafield>
  <datafield tag="952" ind1=" " ind2=" ">
    <subfield code="0">0</subfield>
    <subfield code="1">0</subfield>
    <subfield code="3">vol. 1</subfield>
    <subfield code="4">0</subfield>
    <subfield code="7">0</subfield>
    <subfield code="a">23</subfield>
    <subfield code="b">23</subfield>
    <subfield code="d">2019-11-08</subfield>
    <subfield code="l">1</subfield>
    <subfield code="o">RC454 T73 v.1</subfield>
    <subfield code="p">23 003474</subfield>
    <subfield code="r">2020-03-12</subfield>
    <subfield code="s">2020-03-11</subfield>
    <subfield code="t">8</subfield>
    <subfield code="w">2019-11-08</subfield>
    <subfield code="y">LB</subfield>
  </datafield>
  <datafield tag="952" ind1=" " ind2=" ">
    <subfield code="0">0</subfield>
    <subfield code="1">0</subfield>
    <subfield code="3">vol. 1</subfield>
    <subfield code="4">0</subfield>
    <subfield code="7">0</subfield>
    <subfield code="a">23</subfield>
    <subfield code="b">23</subfield>
    <subfield code="d">2019-11-08</subfield>
    <subfield code="l">1</subfield>
    <subfield code="o">RC454 T73 v.1</subfield>
    <subfield code="p">23 003475</subfield>
    <subfield code="r">2023-03-16</subfield>
    <subfield code="s">2023-03-15</subfield>
    <subfield code="t">9</subfield>
    <subfield code="w">2019-11-08</subfield>
    <subfield code="y">LB</subfield>
  </datafield>
  <datafield tag="952" ind1=" " ind2=" ">
    <subfield code="0">0</subfield>
    <subfield code="1">0</subfield>
    <subfield code="3">vol. 2</subfield>
    <subfield code="4">0</subfield>
    <subfield code="7">0</subfield>
    <subfield code="a">23</subfield>
    <subfield code="b">23</subfield>
    <subfield code="d">2019-11-08</subfield>
    <subfield code="l">1</subfield>
    <subfield code="o">RC454 T73 v.2</subfield>
    <subfield code="p">23 003476</subfield>
    <subfield code="r">2019-12-18</subfield>
    <subfield code="s">2019-12-13</subfield>
    <subfield code="t">1</subfield>
    <subfield code="w">2019-11-08</subfield>
    <subfield code="y">LB</subfield>
  </datafield>
  <datafield tag="952" ind1=" " ind2=" ">
    <subfield code="0">0</subfield>
    <subfield code="1">0</subfield>
    <subfield code="3">vol. 2</subfield>
    <subfield code="4">0</subfield>
    <subfield code="7">0</subfield>
    <subfield code="a">23</subfield>
    <subfield code="b">23</subfield>
    <subfield code="d">2019-11-08</subfield>
    <subfield code="l">2</subfield>
    <subfield code="o">RC454 T73 v.2</subfield>
    <subfield code="p">23 003477</subfield>
    <subfield code="r">2023-11-28</subfield>
    <subfield code="s">2023-11-25</subfield>
    <subfield code="t">2</subfield>
    <subfield code="w">2019-11-08</subfield>
    <subfield code="y">LB</subfield>
  </datafield>
  <datafield tag="952" ind1=" " ind2=" ">
    <subfield code="0">0</subfield>
    <subfield code="1">0</subfield>
    <subfield code="3">vol. 2</subfield>
    <subfield code="4">0</subfield>
    <subfield code="7">0</subfield>
    <subfield code="a">23</subfield>
    <subfield code="b">23</subfield>
    <subfield code="d">2019-11-08</subfield>
    <subfield code="l">1</subfield>
    <subfield code="o">RC454 T73 v.2</subfield>
    <subfield code="p">23 003478</subfield>
    <subfield code="r">2023-02-02</subfield>
    <subfield code="s">2023-01-31</subfield>
    <subfield code="t">3</subfield>
    <subfield code="w">2019-11-08</subfield>
    <subfield code="y">LB</subfield>
  </datafield>
  <datafield tag="952" ind1=" " ind2=" ">
    <subfield code="0">0</subfield>
    <subfield code="1">0</subfield>
    <subfield code="3">vol. 2</subfield>
    <subfield code="4">0</subfield>
    <subfield code="7">0</subfield>
    <subfield code="a">23</subfield>
    <subfield code="b">23</subfield>
    <subfield code="d">2019-11-08</subfield>
    <subfield code="l">1</subfield>
    <subfield code="o">RC454 T73 v.2</subfield>
    <subfield code="p">23 003479</subfield>
    <subfield code="r">2020-01-14</subfield>
    <subfield code="s">2020-01-13</subfield>
    <subfield code="t">4</subfield>
    <subfield code="w">2019-11-08</subfield>
    <subfield code="y">LB</subfield>
  </datafield>
  <datafield tag="952" ind1=" " ind2=" ">
    <subfield code="0">0</subfield>
    <subfield code="1">0</subfield>
    <subfield code="3">vol. 2</subfield>
    <subfield code="4">0</subfield>
    <subfield code="7">0</subfield>
    <subfield code="a">23</subfield>
    <subfield code="b">23</subfield>
    <subfield code="d">2019-11-08</subfield>
    <subfield code="l">0</subfield>
    <subfield code="o">RC454 T73 v.2</subfield>
    <subfield code="p">23 003480</subfield>
    <subfield code="r">2026-03-04</subfield>
    <subfield code="t">5</subfield>
    <subfield code="w">2019-11-08</subfield>
    <subfield code="y">LB</subfield>
  </datafield>
  <datafield tag="952" ind1=" " ind2=" ">
    <subfield code="0">0</subfield>
    <subfield code="1">0</subfield>
    <subfield code="3">vol. 2</subfield>
    <subfield code="4">0</subfield>
    <subfield code="7">0</subfield>
    <subfield code="a">23</subfield>
    <subfield code="b">23</subfield>
    <subfield code="d">2019-11-08</subfield>
    <subfield code="l">1</subfield>
    <subfield code="o">RC454 T73 v.2</subfield>
    <subfield code="p">23 003481</subfield>
    <subfield code="r">2023-03-03</subfield>
    <subfield code="s">2023-03-01</subfield>
    <subfield code="t">6</subfield>
    <subfield code="w">2019-11-08</subfield>
    <subfield code="y">LB</subfield>
  </datafield>
  <datafield tag="952" ind1=" " ind2=" ">
    <subfield code="0">0</subfield>
    <subfield code="1">0</subfield>
    <subfield code="3">vol. 2</subfield>
    <subfield code="4">0</subfield>
    <subfield code="7">0</subfield>
    <subfield code="a">23</subfield>
    <subfield code="b">23</subfield>
    <subfield code="d">2019-11-08</subfield>
    <subfield code="l">0</subfield>
    <subfield code="o">RC454 T73 v.2</subfield>
    <subfield code="p">23 003482</subfield>
    <subfield code="r">2019-11-08</subfield>
    <subfield code="t">7</subfield>
    <subfield code="w">2019-11-08</subfield>
    <subfield code="y">LB</subfield>
  </datafield>
  <datafield tag="952" ind1=" " ind2=" ">
    <subfield code="0">0</subfield>
    <subfield code="1">0</subfield>
    <subfield code="3">vol. 2</subfield>
    <subfield code="4">0</subfield>
    <subfield code="7">0</subfield>
    <subfield code="a">23</subfield>
    <subfield code="b">23</subfield>
    <subfield code="d">2019-11-08</subfield>
    <subfield code="l">2</subfield>
    <subfield code="m">1</subfield>
    <subfield code="o">RC454 T73 v.2</subfield>
    <subfield code="p">23 003483</subfield>
    <subfield code="r">2026-02-20</subfield>
    <subfield code="s">2026-02-09</subfield>
    <subfield code="t">8</subfield>
    <subfield code="w">2019-11-08</subfield>
    <subfield code="y">LB</subfield>
  </datafield>
  <datafield tag="952" ind1=" " ind2=" ">
    <subfield code="0">0</subfield>
    <subfield code="1">0</subfield>
    <subfield code="3">vol. 2</subfield>
    <subfield code="4">0</subfield>
    <subfield code="7">0</subfield>
    <subfield code="a">23</subfield>
    <subfield code="b">23</subfield>
    <subfield code="d">2019-11-08</subfield>
    <subfield code="l">1</subfield>
    <subfield code="o">RC454 T73 v.2</subfield>
    <subfield code="p">23 003484</subfield>
    <subfield code="r">2023-03-16</subfield>
    <subfield code="s">2023-03-15</subfield>
    <subfield code="t">9</subfield>
    <subfield code="w">2019-11-08</subfield>
    <subfield code="y">LB</subfield>
  </datafield>
  <datafield tag="999" ind1=" " ind2=" ">
    <subfield code="c">104705</subfield>
    <subfield code="d">104705</subfield>
  </datafield>
  <controlfield tag="008">191108r20082005sp a|||| |||| 001 0 spa d</controlfield>
  <datafield tag="020" ind1=" " ind2=" ">
    <subfield code="a">9788497513975 (obra completa)</subfield>
  </datafield>
  <datafield tag="020" ind1=" " ind2=" ">
    <subfield code="a">9788497513982 (volumen I)</subfield>
  </datafield>
  <datafield tag="050" ind1=" " ind2="4">
    <subfield code="a">RC454</subfield>
    <subfield code="b">T73</subfield>
  </datafield>
  <datafield tag="245" ind1="0" ind2="0">
    <subfield code="a">Tratado de psiquiatr&#xED;a</subfield>
    <subfield code="c">/ Directores Julio Vallejo Ruiloba, Carmen Leal Cerc&#xF3;s</subfield>
  </datafield>
  <datafield tag="260" ind1="3" ind2=" ">
    <subfield code="a">Barcelona</subfield>
    <subfield code="b">/ M&#xE9;xico</subfield>
    <subfield code="b">: Ars XXI de comunicaci&#xF3;n</subfield>
    <subfield code="c">, 2005</subfield>
  </datafield>
  <datafield tag="300" ind1=" " ind2=" ">
    <subfield code="a">2439 p&#xE1;ginas</subfield>
    <subfield code="b">: ilustraciones</subfield>
  </datafield>
  <datafield tag="504" ind1=" " ind2=" ">
    <subfield code="a">Incluye bibliograf&#xED;a al final de cada cap&#xED;tulo</subfield>
  </datafield>
  <datafield tag="505" ind1="1" ind2=" ">
    <subfield code="a">Generalidades
Fundamentos de la psiquiatr&#xED;a
Evaluaci&#xF3;n en psiquiatr&#xED;a
Clasificaci&#xF3;n en psiquiatr&#xED;a
Trastornos psiqui&#xE1;tricos
Tratamientos psiqui&#xE1;tricos
Temas especiales</subfield>
  </datafield>
  <datafield tag="519" ind1=" " ind2=" ">
    <subfield code="a">Plan UNAM 8&#xB0; semestre / </subfield>
    <subfield code="b">Enfermer&#xED;a /</subfield>
    <subfield code="c">Enfermer&#xED;a de la salud mental comunitaria (1811) /</subfield>
    <subfield code="d">(23 003467, 23 003468, 23 003469, 23 003470, 23 003471, 23 003472, 23 003473, 23 003474, 23 003475) vol.1
(23 003476, 23 003477, 23 003478, 23 003479, 23 003480, 23 003481, 23 003482, 23 003483, 23 003484) vol. 2</subfield>
  </datafield>
  <datafield tag="650" ind1=" " ind2="0">
    <subfield code="a">PSIQUIATR&#xCD;A</subfield>
  </datafield>
  <datafield tag="700" ind1=" " ind2=" ">
    <subfield code="a">Vallejo Ruiloba, Julio</subfield>
    <subfield code="e">Director</subfield>
  </datafield>
  <datafield tag="700" ind1=" " ind2=" ">
    <subfield code="a">Leal Cerc&#xF3;s, Carmen</subfield>
    <subfield code="e">Director</subfield>
  </datafield>
  <datafield tag="942" ind1=" " ind2=" ">
    <subfield code="c">LB</subfield>
  </datafield>
</record>
